[Event "Middelfart SIS-MH Masters"]
[Site "Middelfart"]
[Date "2003.04.06"]
[Round "6"]
[White "Anand, Viswanathan"]
[Black "Nielsen, Peter Heine"]
[Result "1-0"]
[WhiteElo "2753"]
[BlackElo "2620"]
[Annotator "Lukacs,P"]
[PlyCount "67"]
[EventDate "2003.04.05"]
[EventType "tourn (rapid)"]
[EventRounds "6"]
[EventCountry "DEN"]
[EventCategory "16"]
[SourceTitle "CBM 095"]
[Source "ChessBase"]
[SourceDate "2003.07.25"]
[SourceVersion "1"]
[SourceVersionDate "2003.07.25"]
[SourceQuality "1"]

1. e4 c6 2. d4 d5 3. Nc3 dxe4 4. Nxe4 Nd7 5. Ng5 Ngf6 6. Bc4 e6 7. Qe2 Nb6 8.
Bb3 h6 9. N5f3 c5 10. c3 (10. Bf4 {- J.Polgar-Leko, Vienna 1996 CBM 55}) 10...
Qc7 (10... a6 11. dxc5 (11. Bf4 cxd4 12. Nxd4 Bd6 13. Rd1 $2 Bxf4 $1 {and
Black gets too much for the Q!} 14. Nxe6 Bxe6 15. Rxd8+ Rxd8 16. Bxe6 O-O $1
$17 {with nasty threats on the e <-> against the K in the middle,
Drimer-Barcza, Budapest 1961.}) 11... Bxc5 12. Ne5 Qc7 13. Ngf3 Nbd5 14. O-O b5
15. a4 Rb8 16. axb5 axb5 17. c4 bxc4 18. Bxc4 (18. Ba4+ Nd7 $13 ({but not} 
18... Bd7 $2 19. Nxd7 Nxd7 20. Ne5 {and Black cannot escape from the pin.} N5b6
21. Nxd7 Nxd7 22. Rd1 Bd6 23. Bf4 Rb6 24. Rxd6 $18 {Yandemirov-Bartels,
Haraklio op 1993})) 18... O-O $11) (10... cxd4 11. Nxd4 Be7 12. Ngf3 O-O 13.
O-O Bd7 14. Ne5 Ba4 $6 15. Bf4 Bxb3 {other moves give White tactical chances
based on the b3 B.} (15... Bd6 16. Nxe6 $1) (15... Qc8 16. Ng6 $16 {
Short-Adams, London rapid 1988}) 16. axb3 $14) 11. Bd2 (11. dxc5 Bxc5 12. Be3
O-O (12... Bd7 13. Bxc5 Qxc5 14. Qe5 {The _|_ can only be slightly better for
White.} Rc8 15. Ne2 Nc4 16. Qxc5 Rxc5 17. O-O-O Bc6 18. Nfd4 Ke7 19. Rhe1 Rc8
20. Nxc6+ bxc6 {Now at least Black's << P formation is corrupted.} 21. Nd4 $14
{Kotsur-Anastisian, Dubai op 2000}) (12... a6 13. Bxc5 Qxc5 14. Ne5 Nbd5 15.
Nd3 Qc7 16. Nf3 O-O $11 (16... Nxc3 $4 {loses to} 17. Rc1 $18 {1-0 T.
Bauer-Kallai, Szekszard 1993})) 13. Bxc5 Qxc5 14. Qe5 Nbd7 15. Qxc5 Nxc5 {
This _|_ cannot be worse for Black.} 16. Ne5 b6 17. Ne2 Ba6 18. Nd4 Rfd8 19. f3
Nfd7 20. Nec6 Nd3+ 21. Kd2 Re8 22. Kc2 N7c5 23. Rhd1 Nf2 24. Rd2 Bd3+ 25. Kc1
e5 $11 {Yandemirov-Burmakin, St.Petersburg 1996}) (11. Ne5 cxd4 12. cxd4 Bb4+ {
is not a good isolani for White.} 13. Bd2 Bxd2+ 14. Qxd2 Bd7 15. Rc1 Qd6 16.
Ngf3 O-O 17. O-O {1/2:1/2 Schmid-Petrosian, FRG-SU Hamburg 1960}) (11. Be3 {
This doesn't look very impressive.} Nbd5 (11... Bd6 12. dxc5 Bxc5 13. Bxc5 Qxc5
14. Ne5 Nbd5 15. Ngf3 Nf4 16. Qf1 O-O 17. O-O-O b5 $132 {Dvoirys-Kharitonov,
SU-ch U20 Vilnius 1984}) 12. Ne5 a6 13. Ngf3 Bd6 14. O-O O-O 15. Bc2 b6 16. Nc4
Be7 17. Bd2 Bb7 18. dxc5 Bxc5 $11 {Kruppa-Vyzmanavin, SU-ch U26 Lvov 1985}) (
11. Nh3 $5 Bd6 (11... cxd4 12. Nxd4) 12. dxc5 Bxc5 13. Bf4 {Now White has won
an important tempo.} Bd6 14. Bxd6 Qxd6 15. Rd1 Qc7 16. O-O O-O 17. Rd4 a5 18.
a3 a4 19. Ba2 {Black has weakened his << without getting anything for it.} Nbd7
20. Nf4 Nc5 21. Rfd1 b6 22. Qe5 Qxe5 23. Nxe5 {Here the _|_ is better for
White because of the weaknesses on the <<.} Ba6 24. h4 Rfc8 25. Rd6 $16 {
Adams-Vyzmanavin, Elenite 1993}) 11... a6 (11... Be7 12. Ne5 (12. O-O-O O-O)
12... cxd4 (12... Nbd7 13. Ngf3 Nxe5 14. dxe5 {looks clearly better for White.}
Nd5 15. c4 Nb6 16. a4 Bd7 17. a5 Nc8 18. O-O a6 19. Qe4 Na7 20. Qg4 $16 {
Thipsay-Mohota, Commonwealth 2003}) 13. cxd4 O-O 14. Ngf3 Bd7) (11... Bd6 12.
Ne5 Bd7 13. Ngf3 O-O 14. O-O cxd4 15. cxd4 Ba4 {and White has no real
attacking chances compensating the weakness of d4.} 16. Rac1 Qe7 17. Bxa4 Nxa4
18. Nc4 Rac8 19. Nfe5 Nb6 20. b3 Nbd5 $15 {J.Polgar-Karpov, Alma-Ata m3 blitz
1995}) 12. Ne5 Bd7 (12... cxd4 {immediately creating an isolated P looks
better:} 13. cxd4 Bd7 14. Rc1 Qd6 15. Nxd7 (15. Ngf3 Bb5) 15... Nbxd7 16. Nf3
Be7 17. O-O O-O $11) 13. Ngf3 cxd4 14. Nxd4 $1 {Now White can already avoid
the isolani!} Bd6 $6 (14... Bc5 {was better, for example:} 15. Nxd7 Qxd7 $1 (
15... Nbxd7 16. Bxe6 $1 $16) 16. Nf3 Qc6 {/\ Qe4}) 15. Nxd7 Nbxd7 (15... Nfxd7
16. Nf5 Be5 17. f4 $36) 16. Nf5 $1 Bf4 $2 (16... O-O 17. Nxd6 Qxd6 18. O-O Nc5
19. Bc2 $14 {White's strong ^^ has a bright perspective.}) (16... Bf8 $1 {
is not a move which can easily made by a human!} 17. Rd1 (17. O-O O-O-O) 17...
O-O-O $13) 17. Bxf4 (17. Nxg7+ Kf8 18. Bxf4 Qxf4 19. Nh5 {- 17.Bf4}) 17... Qxf4
18. Nxg7+ Kf8 19. Nh5 Nxh5 20. Qxh5 Qe4+ {Otherwise White is a healthy P up.} (
20... Nf6 21. Qc5+ Kg7 22. O-O $16) 21. Qe2 Qxg2 22. O-O-O Qg5+ 23. Kb1 Nf6 24.
f4 $1 {White has a lead of development, the black K is in the middle, so let's
open up the position!} Qc5 (24... Qxf4 $2 {opens the f <-> for the R.} 25. Rhf1
Qe4+ 26. Qxe4 Nxe4 27. Bxe6 Ke7 28. Bxf7 Rhf8 29. Rde1 $18) 25. Qf3 Qc7 $2 (
25... Rb8 26. Rhg1) 26. Qe3 $1 Rg8 27. f5 $1 $18 e5 28. Qxh6+ Ke7 29. Rhe1 e4
30. Bc2 Rg4 {[#]} 31. Bxe4 $1 {Destroying the last defensive wall.} Nxe4 32.
Rxe4+ $1 Rxe4 33. Qg5+ Ke8 (33... Kf8 34. f6 $1 $18 {is the point!}) 34. f6 $1
1-0

[Event "Dortmund SuperGM 31st"]
[Site "Dortmund"]
[Date "2003.08.06"]
[Round "6"]
[White "Leko, Peter"]
[Black "Anand, Viswanathan"]
[Result "0-1"]
[WhiteElo "2739"]
[BlackElo "2774"]
[Annotator "Ftacnik,L"]
[PlyCount "92"]
[EventDate "2003.07.31"]
[EventType "tourn"]
[EventRounds "10"]
[EventCountry "GER"]
[EventCategory "18"]
[SourceTitle "CBM 097"]
[Source "ChessBase"]
[SourceDate "2003.11.11"]
[SourceVersion "1"]
[SourceVersionDate "2003.11.11"]
[SourceQuality "1"]

1. e4 c5 2. Nf3 d6 3. d4 cxd4 4. Nxd4 Nf6 5. Nc3 a6 6. f3 e5 7. Nb3 Be6 8. Be3
Nbd7 9. g4 Nb6 10. g5 Nh5 11. Qd2 Be7 12. O-O-O Rc8 13. Rg1 O-O 14. Kb1 g6 15.
Qf2 Nc4 16. Bxc4 Bxc4 17. Na4 Be6 18. Nb6 Rc7 19. Qd2 Rc6 20. Nd5 Bxd5 21. exd5
Rc8 22. Qd3 Qd7 23. c4 f6 24. gxf6 Rxf6 25. Nd2 Rf7 26. Rc1 {[%mdl 4] The
whole line became very fashionable in the last few months, black is certainly
proving the ability to use his chances.} (26. c5 $5 Rd8 27. cxd6 Bxd6 28. Bg5
Rdf8 29. Bh6 Nf4 30. Qb3 Rd8 31. Bxf4 Rxf4 32. Ne4 {1-0 Bacrot,E-Lautier,J/Aix
les Bains 2003/ (54)}) 26... Qf5 27. Rc3 (27. Qxf5 Rxf5 28. a4 Nf4 $11) 27...
b5 28. b3 (28. cxb5 Rxc3 29. Qxf5 Rxf5 30. bxc3 axb5 31. Kc2 Nf6 $15) 28... Qh3
(28... b4 29. Qxf5 Rxf5 30. Rc2 Nf4 31. Ne4 $11) 29. Rgc1 (29. cxb5 Rxc3 30.
Qxc3 axb5 $17) 29... bxc4 (29... b4 30. R3c2 Nf4 31. Bxf4 Rxf4 32. Qe3 (32. c5
dxc5 33. Ne4 Qxf3 34. Qxf3 Rxf3 $17) 32... Rd4 33. Ne4 a5 $15) 30. Rxc4 Ra8 (
30... Rxc4 31. Qxc4 Qxh2 32. Qxa6 Ng3 $15) 31. Ra4 Bf8 {Strangely enough black
is well prepared to exploit his chances on the kingside to the maximum.} (31...
Qxh2 32. Rxa6 Rxa6 33. Qxa6 Ng3 $15) 32. a3 (32. Rxa6 e4 $1 33. Nxe4 (33. Qb5
Rxa6 34. Qxa6 exf3 $17) 33... Rxa6 34. Qxa6 Qxf3 35. Ng5 Qxe3 36. Nxf7 Kxf7 $17
) 32... Nf6 33. Bg5 (33. Rxa6 Rxa6 34. Qxa6 Nxd5 $17) (33. Rc6 Qxh2 34. Raxa6
Rxa6 35. Rxa6 Nh5 36. Ra4 Qh1+ $15) 33... Qxh2 34. Rh4 Qg2 35. Bxf6 Rxf6 36.
Rg4 $2 {Leko has missed the golden chance to force his dangerous opponent into
move repetition.} (36. Qe3 $1 Qg3 (36... Rf4 37. Rxf4 exf4 38. Qe6+ Kh8 39. Rc7
Qg1+ (39... Qg5 40. Ne4 Qg1+ 41. Kc2 Qg2+ 42. Kc3 Qxf3+ 43. Kb4 Rb8+ 44. Ka5
$18) 40. Kc2 Qh2 41. Rc8 Rxc8+ 42. Qxc8 Kg7 43. Qxa6 $16) (36... h5 37. Rhh1
Qg3 38. Rcg1 Qf4 39. Qxf4 Rxf4 40. Rxh5 $11) 37. Rch1 h5 38. R1h3 Qg2 39. Rh2
Qg3 40. R2h3 $11) 36... Qh3 37. Rcg1 Ra7 38. R1g3 Qh6 39. Ne4 Rf4 40. Rxf4 (40.
Qf1 Be7 41. Rh3 Qf8 $17) 40... Qh1+ 41. Ka2 exf4 42. Rg4 Bg7 {Apart from the
extra pawn black has all the trumphs in the position.} 43. b4 a5 44. Kb3 axb4
45. Kxb4 Qe1+ 46. Kb3 Qc1 0-1

[Event "Mainz m"]
[Site "Mainz"]
[Date "2003.08.14"]
[Round "2"]
[White "Anand, Viswanathan"]
[Black "Polgar, Judit"]
[Result "1-0"]
[WhiteElo "2774"]
[BlackElo "2718"]
[Annotator "Huzman,A"]
[PlyCount "81"]
[EventDate "2003.08.14"]
[EventType "match (rapid)"]
[EventRounds "8"]
[EventCountry "GER"]
[SourceTitle "CBM 097"]
[Source "ChessBase"]
[SourceDate "2003.11.11"]
[SourceVersion "1"]
[SourceVersionDate "2003.11.11"]
[SourceQuality "1"]

1. e4 e5 2. Nf3 Nf6 3. Nxe5 d6 4. Nf3 Nxe4 5. d4 d5 6. Bd3 Nc6 7. O-O Be7 8.
Re1 Bf5 9. c4 Nb4 10. Bf1 O-O 11. a3 Nc6 12. cxd5 Qxd5 13. Nc3 Nxc3 14. bxc3
Bf6 15. Bf4 Qd7 16. Ra2 (16. Bb5 a6 17. Ne5 Bxe5 18. Bxc6 Qxc6 19. Rxe5 Qd7 20.
Qf3 f6 21. Re3 {1/2-1/2 Wedberg,T-Van der Sterren,P/Copenhagen 1984/EXT 2000 
(21)}) (16. Bg5 Bxg5 17. Nxg5 Rae8 18. Qb3 Na5 19. Qb4 b6 20. Nf3 f6 $11 {
Glek,I-Antonov,V/USSR 1984/Inf 38 (20)}) 16... Rad8 (16... Rae8 17. Rae2 Rxe2
18. Qxe2 Na5 (18... Be6 19. Ng5 Bxg5 20. Bxg5 h6 21. Bc1 a6 22. Qf3 b5 23. Qg3
$36 {1-0 Herrera,I-Perez,R/Las Tunas 2001/CBM 83/[Huzman] (41)}) 19. Ne5 Qa4
20. Qb2 (20. g4 Be6 21. g5 Bxe5 22. Qxe5 c6 23. Qc7 b6 24. Rxe6 fxe6 25. Be5
Rf7 26. Qc8+ Rf8 27. Qxe6+ Rf7 28. Bd6 {1-0 Korneev,O-Perez,R/Albacete 2000/
CBM 78 ext (28)}) 20... c5 21. Bb5 Qb3 22. Qxb3 Nxb3 23. d5 Rd8 24. d6 Be6 25.
Rd1 a6 26. Be2 Na5 27. Bf3 $14 {1-0 Ernst,T-Lev,R/London 1987/TD (39)}) 17. Rb2
Qc8 (17... b6 $2 18. Bb5 $16) 18. h3 b6 ({To my opinion Black waste time for
prophylactic moves.They had to start counterplay immidiately by} 18... Na5 $5 {
[%cal Yc7c5]} 19. Ne5 c5 20. d5 c4 $132) 19. Rbe2 h6 (19... Na5 $142 20. Be5
Bxe5 21. Rxe5 c5 $132) 20. Re3 Na5 21. Be5 Bxe5 22. Nxe5 c5 23. d5 c4 $6 {
This move gives Qd1 exellent place on d4.} (23... Rd6 24. g4 Bh7 25. c4 $16)
24. Qd4 Be6 $2 (24... Qb7 $142 25. d6 Qb8 26. d7 Qb7 27. Rg3 $1 f6 (27... g6
28. Nxg6 $1 Bxg6 (28... fxg6 29. Re7 Rf7 30. Bxc4 $18) 29. Rxg6+ fxg6 30. Re7
Rf7 31. Bxc4 Nxc4 32. Qxc4 $18) 28. Nxc4 Qxd7 29. Qxd7 Rxd7 30. Nxa5 bxa5 31.
Bb5 Rc7 32. Rge3 $16) {[%tqu "En","Find a nice tactical blow that leads to
decisive advantage of White.","","","e5g6","",10]} 25. Ng6 $1 Nc6 (25... fxg6
26. Rxe6 g5 27. d6 $18) 26. Qh4 $1 Bxd5 (26... fxg6 27. dxe6 Rde8 28. e7 Rf6
29. Qxc4+ Kh8 30. Re6 Qd7 31. Rxf6 gxf6 32. Qa4 $1 Qd6 33. Bb5 Rxe7 34. Rd1 $18
) 27. Nxf8 Rxf8 (27... b5 28. a4 a6 29. axb5 axb5 30. Rb1 Qb8 31. Bxc4 $1 Bxc4
32. Qe4 $18 {[%cal Ge4h7,Gh7h8]}) 28. Bxc4 Qf5 $2 29. Re8 (29. g4 $1 Qd7 30.
Rd1 $18) 29... Bxc4 30. Qxc4 Qf6 31. Qd3 g6 32. c4 Rxe8 33. Rxe8+ Kg7 34. Qd5
h5 35. c5 bxc5 36. Qxc5 Kh6 37. h4 $1 Nd4 38. Qe7 Qg7 39. Qf8 Ne6 40. Qxg7+
Kxg7 41. Ra8 1-0

[Event "Cap d'Agde-B"]
[Site "Cap d'Agde"]
[Date "2003.10.25"]
[Round "3"]
[White "Leko, Peter"]
[Black "Anand, Viswanathan"]
[Result "0-1"]
[WhiteElo "2722"]
[BlackElo "2766"]
[Annotator "Atlas,V"]
[PlyCount "90"]
[EventDate "2003.10.24"]
[EventType "tourn (rapid)"]
[EventRounds "7"]
[EventCountry "FRA"]
[EventCategory "19"]
[SourceTitle "CBM 098"]
[Source "ChessBase"]
[SourceDate "2004.02.03"]
[SourceVersion "1"]
[SourceVersionDate "2004.02.03"]
[SourceQuality "1"]

1. e4 e5 2. Nf3 Nc6 3. Bb5 a6 4. Ba4 Nf6 5. O-O Be7 6. Re1 b5 7. Bb3 O-O 8. c3
d5 9. exd5 Nxd5 10. Nxe5 Nxe5 11. Rxe5 c6 12. Re1 Bd6 13. g3 Bf5 14. d4 Qd7 15.
Be3 Rae8 16. Nd2 Bg4 17. Qc2 Bf5 18. Qc1 h5 19. Nf3 Bg4 20. Nh4 Re6 21. Bd1 f5
22. Bxg4 hxg4 23. Bg5 f4 24. Qd2 Rfe8 25. Rxe6 Qxe6 26. gxf4 Qe2 27. f5 Qe4 28.
Rf1 Bf4 29. Bxf4 Nxf4 30. f3 gxf3 31. Nxf3 Rf8 32. Qe1 Qxf5 33. Kh1 Qh3 34. Qf2
(34. Nh4 {, with the idea 35.Rf3 deserved serious attention. , mit der Idee 35.
Rf3, kam stark in Betracht.}) 34... Nh5 35. Kg1 Rf4 36. Qe3 Qg4+ 37. Kh1 $4 ({
A big mistake elegantly refuted by Black. Correct was Ein grober Bock, der von
Schwarz elegant widerlegt wird. Korrekt war} 37. Kf2 {, and the chances are
about equal. . wonach die Chancen etwa gleich sind.}) {[%tqu "En","White's
last move looks natural but in fact it's a very bad slip. How can Black punish
him for it?","Exploit the shaky position of the white queen and try to expose
the enemy king.","Sacrifice your knight!","h5g3","This powerful blow decides
the game for Black.",5,"De","Der letzte Zug des Weißen wirkt sehr natürlich,
ist aber tatsächlich ein ganz grober Bock. Wie kann Schwarz ihn dafür
bestrafen?","Schlagen Sie Kapital aus der ungedeckten Stellung der weißen Dame
und versuchen Sie, den feindlichen König zu entblößen.","Opfern Sie Ihren
Springer!","h5g3","Ein Kraftzug, der für Schwarz gewinnt.",5]} 37... Ng3+ $1 {
[%csl Re3,Rf3,Gf4,Gg3,Gg4,Rh1] This impressive knight sacrifice breaks White's
defense. Dieses bemerkenswerte Springeropfer durchschlägt die weiße
Verteidigung.} 38. hxg3 ({Or Oder} 38. Kg2 Nxf1+ {, winning. und gewinnt.})
38... Qh3+ 39. Kg1 Qxg3+ 40. Kh1 Rh4+ $1 {[%csl Re3,Rf3,Gg3,Rh1,Gh4] Winning
the queen and the game. Gewinnt die Dame und die Partie.} 41. Nxh4 Qxe3 42. Ng2
Qe2 43. Rf5 Qxb2 44. Rc5 Qxa2 45. Rxc6 a5 0-1

[Event "Corsica Masters rap 07th"]
[Site "Bastia"]
[Date "2003.11.01"]
[Round "1.2"]
[White "Anand, Viswanathan"]
[Black "Cebalo, Miso"]
[Result "1/2-1/2"]
[WhiteElo "2766"]
[BlackElo "2486"]
[PlyCount "54"]
[EventDate "2003.11.01"]
[EventType "k.o. (rapid)"]
[EventRounds "4"]
[EventCountry "FRA"]
[SourceTitle "CBM 098"]
[Source "ChessBase"]
[SourceDate "2004.02.03"]
[SourceVersion "1"]
[SourceVersionDate "2004.02.03"]
[SourceQuality "1"]

1. e4 c5 2. Nf3 d6 3. Nc3 Nf6 4. e5 dxe5 5. Nxe5 Nbd7 6. Nc4 e6 7. g3 Be7 8.
Bg2 O-O 9. O-O Nb6 10. Ne3 Rb8 11. a4 Nbd5 12. d3 Nxc3 13. bxc3 b6 14. c4 Bb7
15. Bxb7 Rxb7 16. Qf3 Rb8 17. Bb2 Qd7 18. Rfb1 Qb7 19. Qxb7 Rxb7 20. Bc3 Nd7
21. a5 Rfb8 22. axb6 axb6 23. Ra6 Bf6 24. Bxf6 gxf6 25. Kg2 Kf8 26. Rba1 Ke7
27. Ra7 f5 1/2-1/2

[Event "Corsica Masters rap 07th"]
[Site "Bastia"]
[Date "2003.11.02"]
[Round "2.1"]
[White "Lautier, Joel"]
[Black "Anand, Viswanathan"]
[Result "0-1"]
[WhiteElo "2666"]
[BlackElo "2766"]
[Annotator "Finkel,A"]
[PlyCount "92"]
[EventDate "2003.11.01"]
[EventType "k.o. (rapid)"]
[EventRounds "4"]
[EventCountry "FRA"]
[SourceTitle "CBM 098"]
[Source "ChessBase"]
[SourceDate "2004.02.03"]
[SourceVersion "1"]
[SourceVersionDate "2004.02.03"]
[SourceQuality "1"]

1. d4 Nf6 2. Nf3 e6 3. g3 d5 4. Bg2 Be7 5. O-O b5 $5 {Interesting continuation,
which is used quite often by German GM Luther. The idea behind black's move is
to prevent c4.} 6. c3 {Not the most dangerous move for black.} (6. a4 b4 7.
Nbd2 O-O 8. Ne5 c5 9. dxc5 Bxc5 10. e4 Ba6 11. Re1 Qb6 12. Qf3 Nc6 13. Nxc6
Qxc6 $15 {Ribli,Z-Luther,T/Tilburg 1994}) (6. b3 $5 Ba6 (6... Bb7 7. c4 dxc4 8.
bxc4 bxc4 9. Qa4+ Nbd7 10. Ne5 Bxg2 11. Kxg2 O-O 12. Nc6 Qe8 $13 {Brunner,
L-Klovans,J/Germany 1997}) (6... Nbd7 7. c4 c6 8. Nbd2 bxc4 9. bxc4 O-O 10. Qc2
Ba6 11. Re1 Qa5 12. e4 Rfc8 13. e5 $14 {Siebrecht,S-Bischoff,K/Heringsdorf 2000
}) (6... b4 7. a3 c5 8. dxc5 Bxc5 9. axb4 Bxb4 10. Bb2 O-O 11. Ne5 Bb7 12. c4
Qe7 13. Nd3 Bd6 14. Na3 dxc4 15. Bxf6 gxf6 16. Nxc4 $14 {Markowski,T-Matlak,M/
Lubniewice 2003}) 7. Ne5 Nfd7 $6 8. e4 c6 9. Qg4 O-O 10. Bh6 Bf6 11. Nxd7 Nxd7
12. e5 Nxe5 13. dxe5 Bxe5 14. c3 $16 {Appel,R-Luther,T/Germany 1994}) (6. Bg5
Bb7 7. Nbd2 Nbd7 8. Nb3 a5 9. a4 b4 10. Ne1 c5 11. dxc5 Nxc5 12. Bxf6 gxf6 13.
Nxc5 Bxc5 $15 {Mainka,G-Maric,A/Dortmund 1999}) (6. Ne5 O-O 7. Nd2 c5 8. dxc5
Bxc5 9. e4 Bb7 10. Nd3 Be7 11. e5 Nfd7 12. Qg4 $36 {Pinter,J-Bricard,E/
Montpellier 1996}) 6... a5 (6... O-O 7. Bg5 Nbd7 8. Nbd2 c5 9. Re1 (9. a4 bxa4
10. Qxa4 cxd4 11. cxd4 a5 12. Rfc1 Nb6 13. Qc2 Ba6 $11 {Cosma,I-Epishin,V/
Marseille 2003}) 9... Bb7 10. Ne5 Nxe5 11. dxe5 Nd7 12. Bxe7 Qxe7 $11 {Huebner,
R-Hoffmann,M/Germany 1995}) (6... Bb7 7. a4 a6 8. axb5 axb5 9. Rxa8 Bxa8 10.
Qb3 c6 11. Ne5 Nbd7 12. Nxd7 Nxd7 13. e4 O-O $11 {Riza,C-Kasinopoullos,D/
Cyprus 1996}) 7. a4 (7. Bg5) 7... b4 8. c4 Bb7 $11 9. Ne5 (9. Nbd2 O-O 10. c5
Nfd7 11. Nb3 Bf6 12. Bf4 Nc6 13. Qd2 Ba6 $13) 9... Nbd7 10. Bf4 O-O {Black
will transfer c5 sooner or later solving all his problems.} 11. Nd2 Nxe5 12.
Bxe5 (12. dxe5 Nd7 (12... Ne4 13. Nxe4 dxe4 14. Qc2 f5 15. exf6 Bxf6 16. Bxe4
Bxe4 17. Qxe4 Bxb2 18. Qxe6+ $14) 13. cxd5 Bxd5 14. Bxd5 exd5 15. e4 Nc5 $132)
12... Nd7 13. Bf4 c5 14. cxd5 exd5 (14... Bxd5 15. e4 Bb7 16. d5 exd5 17. exd5
Bf6 18. Qc2 Nb6 19. Rfd1 $13 {[%csl Gd5]}) 15. dxc5 Nxc5 16. Nb3 Ne6 17. Be3 (
17. Be5 $5 Bf6 18. Bxf6 Qxf6 19. Qd2 Rfd8 20. Rfd1 Ba6 21. e3 Bc4 22. Nd4 Nc5
$13) 17... Bf6 18. Qd2 Qe7 19. Bb6 $2 {Painfull blunder in equal position.} (
19. Bd4 Nxd4 20. Nxd4 Bxd4 21. Qxd4 Qxe2 22. Rfe1 Qa6 23. Rac1 $44) 19... d4 $1
$36 20. Bxd4 (20. Bxa5 Bxg2 21. Kxg2 Rfb8 $1 {[%cal Ge6c5]} (21... Qb7+ 22. f3
Qd5 23. Bxb4 Qxb3 24. Bxf8 Kxf8 $15) 22. Rfc1 Qb7+ 23. f3 Qd5 24. Qd3 Rxa5 25.
Nxa5 Qxa5 $17) 20... Nxd4 21. Nxd4 Bxg2 22. Kxg2 Qe4+ 23. Nf3 Rfd8 {[%csl Rb2,
Re2]} 24. Qf4 (24. Qe1 Rac8 25. Rd1 Rxd1 26. Qxd1 Bxb2 $17) 24... Qxe2 25. Rab1
Bxb2 $19 26. Rfe1 Qc2 27. Ng5 Rf8 28. Qe4 Qxe4+ 29. Nxe4 Bd4 30. Red1 Rfd8 31.
Nd2 Bb6 32. Nb3 Kf8 33. Kf3 Rxd1 34. Rxd1 Rc8 $1 35. Rc1 Rd8 (35... Rxc1 $5)
36. Ke2 Ke7 37. Rc6 Rd6 38. Rxd6 Kxd6 39. f3 Kd5 40. Kd3 f5 41. h3 h5 42. Nd2 (
42. g4 fxg4 43. fxg4 hxg4 44. hxg4 Ke5 45. Kc4 Kf4 46. Kb5 Bd8 47. Kc6 Kxg4 48.
Kd7 Bb6 49. Kc6 Be3 50. Nxa5 Kf3 $19 {[%cal Gg7g1,Gb4b1]}) 42... Bc7 43. Nb3 g5
44. g4 fxg4 45. fxg4 h4 46. Nd2 Ke5 {[%csl Rh3][%cal Ge5g3]} 0-1

[Event "Corsica Masters rap 07th"]
[Site "Bastia"]
[Date "2003.11.03"]
[Round "4.2"]
[White "Anand, Viswanathan"]
[Black "Topalov, Veselin"]
[Result "1/2-1/2"]
[WhiteElo "2766"]
[BlackElo "2735"]
[Annotator "Ftacnik,L"]
[PlyCount "58"]
[EventDate "2003.11.01"]
[EventType "k.o. (rapid)"]
[EventRounds "4"]
[EventCountry "FRA"]
[SourceTitle "CBM 098"]
[Source "ChessBase"]
[SourceDate "2004.02.03"]
[SourceVersion "1"]
[SourceVersionDate "2004.02.03"]
[SourceQuality "1"]

1. e4 c5 2. Nf3 d6 3. d4 cxd4 4. Nxd4 Nf6 5. Nc3 a6 6. Be3 e5 7. Nb3 Be6 8. f3
Nbd7 9. Qd2 b5 10. a4 b4 11. Nd5 Bxd5 12. exd5 Nb6 13. Bxb6 Qxb6 14. a5 Qb7 15.
Bc4 g6 16. Ra4 Rb8 17. Nc1 h5 18. Na2 Bh6 19. Qe2 (19. Qd3 O-O 20. Kd1 (20.
Bxa6 Qa7 21. Bb5 e4 22. fxe4 Ng4 23. Rf1 Ne5 24. Qe2 b3 25. cxb3 Rxb5 26. Qxb5
Rb8 27. Qe2 Rxb3 {1/2-1/2 Gongora,M-Herrera,I/Holguin City 2002/ (66)}) 20...
Qa7 21. h3 Qf2 22. Rxb4 e4 23. fxe4 Nxe4 24. Re1 Nc5 25. Qc3 Qxg2 26. Qd4 Rbe8
{0-1 Iordachescu,V-Navrotescu,C/Bucharest 2001/ (26)}) (19. Qxb4 Qa7 20. Qc3
O-O 21. Nb4 Rfc8 22. Nc6 Rxc6 23. dxc6 Rc8 24. Qd3 d5 25. Bxa6 Rxc6 26. Bb5 Re6
27. Kd1 {1-0 Muhren,B-Papadopoulou,V/Chalkidiki 2001/ (50)}) 19... Qd7 $146 {
[%mdl 8] This move can prove to be an important novelty in the line, where
black is more or less positionaly lost on the queenside and has to look for
compensation of the opposite flank.} (19... O-O 20. Nxb4 e4 21. O-O (21. f4
Bxf4 22. O-O Bg5 23. Bxa6 Qd7 24. b3 Ng4 25. Nc6 Rbe8 26. Rb4 Ne3 27. Rb7 Qg4
28. Qxg4 hxg4 29. Bc4 f5 {0-1 Miroshnichenko,E-Kovchan,A/St Petersburg 2002/ 
(56)}) 21... exf3 (21... Qd7 22. Nc6 Rxb2 23. fxe4 Ng4 24. Ra3 Re8 25. Bxa6 f5
26. e5 Nxe5 27. Nxe5 Rxe5 28. Qc4 {1-0 Gelfand,B-Topalov,V/Cap d'Agde 2003/ 
(75)}) 22. gxf3 (22. Qxf3 Ng4 23. Nc6 Qxb2 24. Nxb8 Qxb8 25. Bd3 Qe8 26. Re4
Qd8 27. Qg3 Qxa5 28. Qxd6 {1/2-1/2 Shirov,A-Gelfand,B/Monte Carlo 2001/ (32)})
22... Rfe8 23. Qg2 Qd7 24. b3 Re5 25. Kh1 Rbe8 26. Raa1 h4 (26... Bf4 27. Nd3
Rg5 28. Qf2 Be3 29. Qh4 Qf5 30. Rae1 Rg4 {0-1 Djukic,N-Popovic,D/Obrenovac
2002/ (37)}) 27. Rad1 Rg5 28. Qf2 {1-0 Anand,V-Gelfand,B/Monte Carlo 2001/ (42)
}) 20. b3 (20. Rxb4 Rxb4 21. Nxb4 Qa4 22. Nc6 Qa1+ 23. Qd1 Qxb2 24. Ke2 O-O $13
) 20... O-O 21. O-O (21. Nxb4 e4 22. O-O exf3 23. Qxf3 Ng4 24. Nxa6 $14) 21...
e4 22. fxe4 (22. Nxb4 $5) 22... Ng4 23. Nxb4 (23. Rxb4 Qe7 24. h3 Be3+ 25. Kh1
Qh4 26. Rf3 $14) 23... f5 $1 {Opening the access to the white's king, but 24.
e5!? is not so clear for the defender.} 24. Nc6 (24. Nxa6 Qa7+ 25. Kh1 fxe4 26.
Nxb8 (26. h3 Rxf1+ 27. Qxf1 Nf2+ 28. Kh2 Qe3 29. g3 h4 $19) 26... Rxf1+ 27.
Qxf1 Nf2+ $11) (24. exf5 $2 Rbe8 25. Qd1 Rxf5 $1 (25... Qa7+ 26. Kh1 Nf2+ 27.
Rxf2 Qxf2 28. Nd3 Qxf5 29. Ra1 $13) 26. Rxf5 (26. Kh1 Ne3 27. Qa1 Nxf1 28. Bxf1
Qe7 $19) 26... Qxf5 $19) (24. e5 $5 dxe5 (24... Nxe5 25. Bxa6 Qc7 (25... Qa7+
26. Kh1 Rbe8 27. Bb5 Re7 28. Qd1 Ng4) 26. Kh1 $16) 25. Nxa6 Rbc8 26. Nb4 e4 27.
Nc6 $16) 24... fxe4 25. Nxb8 (25. h3 $2 Rxf1+ 26. Qxf1 Rf8 27. Qe1 Be3+ 28. Kh1
Nf2+ 29. Kh2 Rf3 $3 30. Bf1 Qf7 31. gxf3 Qf4+ 32. Kg2 Qg5+ 33. Kh2 Bf4#) 25...
Qa7+ 26. Kh1 Rxf1+ 27. Qxf1 Nf2+ 28. Kg1 Nh3+ 29. Kh1 Nf2+ 1/2-1/2